[Event "Winnipeg TNT 2025.04"]
[Site "Winnipeg CAN"]
[Date "2025.04.15"]
[Round "2.3"]
[White "Baylon, Jorel"]
[Black "Rutter, Blair"]
[Result "0-1"]
[WhiteElo "1754"]
[BlackElo "1865"]
[WhiteFideId "-1"]
[WhiteFideId "-1"]
[PlyCount "86"]
[GameId "2174969456795766"]
[EventDate "2025.04.08"]
[EventType "swiss"]
[EventRounds "4"]
[EventCountry "CAN"]

1. d4 e6 2. Bf4 Nf6 3. Nf3 d5 4. e3 c5 5. c3 Nc6 6. Nbd2 Bd6 7. Ne5 Bxe5 8. dxe5 Nd7 9. Bb5 Qb6 10. Bxc6 bxc6 11. Qc2 Ba6 12. b3 Rb8 13. Rb1 O-O 14. c4 Qa5 15. O-O Rb7 16. Rfd1 Rfb8 17. cxd5 cxd5 18. Nf3 Qb5 19. Rb2 Nb6 20. Nd2 Qe2 21. Nf3 Qb5 22. Nd2 h6 23. h4 Qc6 24. Rbb1 Rc7 25. Rdc1 Rbc8 26. Qd1 Bd3 27. Ra1 Qb5 28. Qg4 Kh7 29. Nf3 Qb4 30. Re1 Be4 31. Qh5 Bg6 32. Qg4 Rd8 33. Qh3 Rcd7 34. g4 d4 35. e4 d3 36. h5 Bxe4 37. g5 Bxf3 38. g6+ fxg6 39. hxg6+ Kh8 40. Qxf3 Rf8 41. Re4 Rd4 42. a3 Qc3 43. Rc1 Qxc1+ 0-1

[Event "Winnipeg TNT 2025.04"]
[Site "Winnipeg CAN"]
[Date "2025.04.15"]
[Round "2.5"]
[White "Kim, Sunyo"]
[Black "Adeyemi, Adebowale"]
[Result "0-1"]
[WhiteElo "1692"]
[BlackElo "1791"]
[WhiteFideId "-1"]
[WhiteFideId "-1"]
[PlyCount "102"]
[GameId "2174969456795767"]
[EventDate "2025.04.08"]
[EventType "swiss"]
[EventRounds "4"]
[EventCountry "CAN"]

1. e4 b6 2. d4 Bb7 3. Nc3 Nf6 4. Bd3 d6 5. Nf3 h6 6. O-O e6 7. e5 Nd5 8. Nxd5 Bxd5 9. c4 Bb7 10. Re1 d5 11. cxd5 Bxd5 12. Be4 c6 13. Bxd5 Qxd5 14. Be3 Be7 15. Qd2 Nd7 16. Rec1 O-O 17. Qc3 Rfc8 18. Rd1 a5 19. a3 Rc7 20. Rac1 b5 21. Qd2 a4 22. Re1 Nb6 23. Rc3 Nc4 24. Qc1 f5 25. Bxh6 gxh6 26. Qxh6 Bf8 27. Qf6 Rf7 28. Qh4 Be7 29. Ng5 Bxg5 30. Rg3 Raa7 31. Qh5 Qd7 32. Rh3 Rg7 33. Qh8+ Kf7 34. Rh7 Kg6 35. Rh3 Rh7 36. Qg8+ Rg7 37. Qh8 f4 38. Qh5+ Kf5 39. g4+ fxg3 40. fxg3 Qxd4+ 41. Kh1 Qf2 42. Qd1 Rad7 43. g4+ Kg6 44. Qb1+ Kf7 45. Rf1 Qxf1+ 46. Qxf1+ Ke7 47. Rh5 Nxe5 48. Qe1 Rd5 49. Qb4+ Kd7 50. Qa5 Be3 51. Qa7+ Bxa7 0-1

[Event "Winnipeg TNT 2025.04"]
[Site "Winnipeg CAN"]
[Date "2025.04.15"]
[Round "2.9"]
[White "Gannon, Keith"]
[Black "Zhou, Zixuan"]
[Result "0-1"]
[WhiteElo "1639"]
[BlackElo "1888"]
[WhiteFideId "-1"]
[WhiteFideId "-1"]
[PlyCount "92"]
[GameId "2174969456795771"]
[EventDate "2025.04.08"]
[EventType "swiss"]
[EventRounds "4"]
[EventCountry "CAN"]

1. Nf3 d5 2. d4 c5 3. e3 e6 4. c4 Nc6 5. Nc3 cxd4 6. Nxd4 Nxd4 7. Qxd4 Nf6 8. cxd5 Nxd5 9. Nxd5 Qxd5 10. Qxd5 exd5 11. Bd2 Bc5 12. Be2 Be6 13. O-O O-O 14. a3 d4 15. Rac1 Rac8 16. exd4 Bxd4 17. Rxc8 Rxc8 18. Rc1 Rd8 19. Bc3 Rc8 20. Bf3 b6 21. h3 g6 22. Bb7 Rc7 23. Be4 Bxc3 24. Rxc3 Rxc3 25. bxc3 Kf8 26. f4 Ke7 27. Kf2 Kd6 28. Ke3 Kc5 29. g4 f5 30. gxf5 Bxf5 31. Bxf5 gxf5 32. Kd3 b5 33. h4 h5 34. Kc2 Kc4 35. Kb2 Kd3 36. Kb3 a5 37. a4 bxa4+ 38. Kxa4 Kxc3 39. Kxa5 Kd4 40. Kb5 Ke4 41. Kc4 Kxf4 42. Kd4 Kg3 43. Ke3 f4+ 44. Ke2 Kg2 45. Ke1 f3 46. Kd2 f2 0-1

[Event "Winnipeg TNT 2025.04"]
[Site "Winnipeg CAN"]
[Date "2025.04.15"]
[Round "2.10"]
[White "Harvey, Chris"]
[Black "Zhang, Nicole"]
[Result "0-1"]
[WhiteElo "1522"]
[BlackElo "1769"]
[WhiteFideId "-1"]
[WhiteFideId "-1"]
[PlyCount "68"]
[GameId "2174969456795772"]
[EventDate "2025.04.08"]
[EventType "swiss"]
[EventRounds "4"]
[EventCountry "CAN"]

1. e4 e5 2. f4 Nc6 3. Nf3 d6 4. Bc4 Nf6 5. d3 Bg4 6. O-O d5 7. exd5 Nxd5 8. fxe5 Nd4 9. Bg5 Nxf3+ 10. Rxf3 Bxf3 11. Qxf3 Bc5+ 12. Kf1 Qxg5 13. Bxd5 Qc1+ 14. Ke2 O-O 15. Qf1 Qxb2 16. Nd2 Qxe5+ 17. Be4 c6 18. Nf3 Qe7 19. Rb1 f5 20. Kd2 fxe4 21. dxe4 Rad8+ 22. Kc3 Qxe4 23. Rxb7 Bd4+ 24. Kb3 Qe3+ 25. Ka4 Qc3 26. Qa6 Qxc2+ 27. Rb3 Qxa2+ 28. Ra3 Qd5 29. Rb3 Bb6 30. Ne1 Rf4+ 31. Ka3 Qc5+ 32. Ka2 Rd2+ 33. Kb1 Qf5+ 34. Nd3 Rf1# 0-1

[Event "Winnipeg TNT 2025.04"]
[Site "Winnipeg CAN"]
[Date "2025.04.15"]
[Round "2.11"]
[White "Cobb, Kyle"]
[Black "Zhang, Ian"]
[Result "0-1"]
[WhiteElo "1453"]
[BlackElo "1674"]
[WhiteFideId "-1"]
[WhiteFideId "-1"]
[PlyCount "118"]
[GameId "2174969456861309"]
[EventDate "2025.04.08"]
[EventType "swiss"]
[EventRounds "4"]
[EventCountry "CAN"]

1. e4 d5 2. exd5 Qxd5 3. Nc3 Qa5 4. d4 Nf6 5. Nf3 Bf5 6. Bd3 Bxd3 7. Qxd3 c6 8. Bf4 Nbd7 9. O-O e6 10. Ne5 Nxe5 11. dxe5 Rd8 12. Qe2 Nd5 13. Nxd5 Rxd5 14. c4 Rd4 15. Bg3 Rd2 16. Qe1 Qb4 17. Bf4 Rxb2 18. Qc1 Bc5 19. Be3 Bxe3 20. Qxe3 Qxc4 21. Qxa7 O-O 22. Rfb1 Qc2 23. Rc1 Qe2 24. Re1 Qb5 25. a4 Qa6 26. Qd4 Rc2 27. Qe4 Rc4 28. Qd3 Rxa4 29. Qxa6 Rxa6 30. Rxa6 bxa6 31. Ra1 Ra8 32. Ra5 Kf8 33. Kf1 Ke7 34. Ke2 Kd7 35. Kd3 Kc7 36. Kc4 Kb6 37. Ra3 a5 38. Rb3+ Kc7 39. Kc5 Rb8 40. Ra3 Rb5+ 41. Kd4 Rd5+ 42. Ke4 Kb6 43. f4 c5 44. f5 Rd4+ 45. Kf3 exf5 46. Rb3+ Rb4 47. Rd3 Rd4 48. Rb3+ Kc6 49. Rb8 Kd5 50. Rb5 a4 51. Ra5 Rc4 52. Ra7 Kxe5 53. Rxf7 a3 54. Ra7 Rc3+ 55. Kf2 Kf4 56. Ra4+ c4 57. g3+ Ke4 58. h4 Rc2+ 59. Kf1 a2 0-1

[Event "Winnipeg TNT 2025.04"]
[Site "Winnipeg CAN"]
[Date "2025.04.15"]
[Round "2.12"]
[White "Letain, Cory"]
[Black "Kowal, Ken"]
[Result "1/2-1/2"]
[WhiteElo "1733"]
[BlackElo "1962"]
[WhiteFideId "-1"]
[WhiteFideId "-1"]
[PlyCount "75"]
[GameId "2174969456861310"]
[EventDate "2025.04.08"]
[EventType "swiss"]
[EventRounds "4"]
[EventCountry "CAN"]

1. e4 d6 2. d4 c6 3. Nf3 Nf6 4. Nc3 Nbd7 5. Bc4 e6 6. O-O Be7 7. h3 b5 8. Bd3 b4 9. Ne2 d5 10. e5 Ng8 11. Ng3 g6 12. Nh2 a5 13. Qe2 Qb6 14. c3 Ba6 15. Bxa6 Qxa6 16. Qxa6 Rxa6 17. Be3 h5 18. Rac1 c5 19. f4 Nh6 20. f5 Nxf5 21. Nxf5 gxf5 22. Nf3 Rg8 23. h4 c4 24. Bg5 Nb6 25. Bxe7 Kxe7 26. Rc2 Rg4 27. Kh2 Ra8 28. Kh3 Rag8 29. Ng5 Nd7 30. Rf3 Nf8 31. Rg3 f6 32. exf6+ Kxf6 33. Rxg4 hxg4+ 34. Kg3 Rh8 35. Rc1 Ng6 36. Rh1 Nf8 37. Kf4 Ng6+ 38. Kg3 1/2-1/2

[Event "Winnipeg TNT 2025.04"]
[Site "Winnipeg CAN"]
[Date "2025.04.22"]
[Round "3.1"]
[White "Adeyemi, Adebowale"]
[Black "Bilugan, Mason"]
[Result "0-1"]
[WhiteElo "1791"]
[BlackElo "1866"]
[WhiteFideId "-1"]
[WhiteFideId "-1"]
[PlyCount "102"]
[GameId "2174969456861311"]
[EventDate "2025.04.08"]
[EventType "swiss"]
[EventRounds "4"]
[EventCountry "CAN"]

1. c4 c5 2. Nc3 g6 3. e3 Bg7 4. d4 Nf6 5. Nf3 O-O 6. Bd3 d6 7. h3 Nbd7 8. Qc2 b6 9. O-O Bb7 10. d5 e5 11. e4 h6 12. Rb1 Nh5 13. Ne2 Qe7 14. b3 Kh7 15. Kh2 Rg8 16. Be3 Raf8 17. Rbe1 Bc8 18. Ng3 Nf4 19. a4 Nxd3 20. Qxd3 Nf6 21. Bc1 Ne8 22. Qd2 f5 23. exf5 Bxf5 24. Bb2 Qd7 25. Nxf5 Rxf5 26. Ng1 Rgf8 27. f3 h5 28. Qc2 Bh6 29. Bc1 Qf7 30. Ne2 Bxc1 31. Rxc1 Nf6 32. Ng3 Rf4 33. Rce1 h4 34. Ne4 Nxe4 35. Rxe4 Rxe4 36. Qxe4 Qf4+ 37. Kg1 Qg3 38. Qg4 Rf5 39. Rf2 Kh6 40. Re2 Rf4 41. Qxg3 hxg3 42. Rd2 Kg5 43. Kf1 e4 44. Ke2 exf3+ 45. gxf3 Kh4 46. Ke3 Rd4 47. Rc2 Kxh3 48. f4 g2 49. Rc1 Kh2 50. Kf3 g1=Q 51. Rc2+ Kh3 0-1

[Event "Winnipeg TNT 2025.04"]
[Site "Winnipeg CAN"]
[Date "2025.04.22"]
[Round "3.2"]
[White "Rutter, Blair"]
[Black "Curtis, Rory"]
[Result "1-0"]
[WhiteElo "1865"]
[BlackElo "1744"]
[WhiteFideId "-1"]
[WhiteFideId "-1"]
[PlyCount "111"]
[GameId "2174969456861312"]
[EventDate "2025.04.08"]
[EventType "swiss"]
[EventRounds "4"]
[EventCountry "CAN"]

1. c4 e5 2. g3 Nf6 3. Bg2 d6 4. Nc3 Be7 5. e4 O-O 6. Nge2 Nc6 7. O-O Bg4 8. f3 Be6 9. d3 h6 10. h3 Re8 11. Be3 Bf8 12. Qd2 Ne7 13. f4 exf4 14. Nxf4 Bc8 15. Rf2 c6 16. Raf1 Ng6 17. Nxg6 fxg6 18. Bxh6 Nh7 19. Be3 Be7 20. Kh2 g5 21. g4 Nf6 22. Kg1 Nd7 23. d4 Rf8 24. Ne2 Rxf2 25. Rxf2 Nf8 26. Ng3 g6 27. Ne2 b6 28. Nc3 Bb7 29. d5 c5 30. Qe2 Nd7 31. b3 Ne5 32. Nd1 Qd7 33. Nb2 Rf8 34. Rxf8+ Kxf8 35. Nd3 Nf7 36. Bc1 b5 37. Qf2 Kg8 38. Bb2 bxc4 39. bxc4 Ba6 40. Qc2 Qe8 41. Qc3 Qf8 42. Qb3 Qc8 43. e5 Qb7 44. e6 Ne5 45. Bxe5 Qxb3 46. axb3 dxe5 47. Nxe5 Bf6 48. Nc6 Kf8 49. d6 Bb7 50. Nxa7 Bxg2 51. Kxg2 Be5 52. d7 Bf6 53. Nc6 Be7 54. Kf3 Kg7 55. Ke4 Kf6 56. Kd5 1-0

[Event "Winnipeg TNT 2025.04"]
[Site "Winnipeg CAN"]
[Date "2025.04.22"]
[Round "3.3"]
[White "Hui, Zelus"]
[Black "Rosenstock, Samuel"]
[Result "1-0"]
[WhiteElo "1788"]
[BlackElo "1772"]
[WhiteFideId "-1"]
[WhiteFideId "-1"]
[PlyCount "57"]
[GameId "2174969456861313"]
[EventDate "2025.04.08"]
[EventType "swiss"]
[EventRounds "4"]
[EventCountry "CAN"]

1. c4 e6 2. g3 d5 3. cxd5 exd5 4. Bg2 Nf6 5. Nf3 Be7 6. O-O c6 7. d4 O-O 8. Nc3 Bf5 9. Qb3 b6 10. Bd2 Nbd7 11. Rac1 Ne4 12. Nd1 Rc8 13. Ne3 Be6 14. Rc2 c5 15. Rfc1 Ndf6 16. a3 c4 17. Qa2 b5 18. b3 Qb6 19. b4 Nxd2 20. Rxd2 a5 21. Qb1 axb4 22. axb4 Ra8 23. Ng5 Ra4 24. Bxd5 Rxb4 25. Qc2 h6 26. Nxe6 fxe6 27. Qg6 exd5 28. Nf5 Qe6 29. Qxg7# 1-0

[Event "Winnipeg TNT 2025.04"]
[Site "Winnipeg CAN"]
[Date "2025.04.22"]
[Round "3.5"]
[White "Zhou, Joe"]
[Black "Baylon, Jorel"]
[Result "1-0"]
[WhiteElo "1888"]
[BlackElo "1754"]
[WhiteFideId "-1"]
[WhiteFideId "-1"]
[PlyCount "105"]
[GameId "2174969456861315"]
[EventDate "2025.04.08"]
[EventType "swiss"]
[EventRounds "4"]
[EventCountry "CAN"]

1. Nf3 c5 2. c4 g6 3. d4 cxd4 4. Nxd4 Bg7 5. e4 Nc6 6. Be3 Nf6 7. Nc3 O-O 8. Be2 d6 9. O-O Bd7 10. f3 Nxd4 11. Bxd4 Bc6 12. b3 Nd7 13. Rc1 Bxd4+ 14. Qxd4 Qb6 15. Rfd1 Qxd4+ 16. Rxd4 a5 17. Kf2 Nc5 18. Rd2 f6 19. Rb1 Rfd8 20. Rbb2 Kf7 21. a3 a4 22. b4 Nb3 23. Rd1 b6 24. Bd3 e5 25. Ne2 h5 26. Bc2 Ke6 27. Bxb3 axb3 28. b5 Bb7 29. Rxb3 Ra4 30. Rc3 Rc8 31. Rdc1 f5 32. exf5+ gxf5 33. h4 f4 34. g3 fxg3+ 35. Nxg3 Rca8 36. Nxh5 Rxa3 37. Ng3 d5 38. cxd5+ Bxd5 39. h5 Kf6 40. Rxa3 Rxa3 41. Rc6+ Bxc6 42. bxc6 Ra7 43. Ne4+ Ke6 44. h6 Kf7 45. Nd6+ Kg6 46. Nb5 Ra2+ 47. Ke3 Kxh6 48. c7 Rc2 49. Ke4 Rc5 50. Kf5 Kg7 51. Nd6 Kf8 52. c8=Q+ Rxc8 53. Nxc8 1-0

[Event "Winnipeg TNT 2025.04"]
[Site "Winnipeg CAN"]
[Date "2025.04.22"]
[Round "3.7"]
[White "Klokow, John"]
[Black "Letain, Cory"]
[Result "1-0"]
[WhiteElo "1787"]
[BlackElo "1733"]
[WhiteFideId "-1"]
[WhiteFideId "-1"]
[PlyCount "35"]
[GameId "2174969456861316"]
[EventDate "2025.04.08"]
[EventType "swiss"]
[EventRounds "4"]
[EventCountry "CAN"]

1. e4 e6 2. d4 d5 3. Nd2 c5 4. exd5 Qxd5 5. dxc5 Bxc5 6. Ngf3 Nf6 7. h3 O-O 8. Bd3 Nc6 9. O-O Rd8 10. Qe2 Nd4 11. Nxd4 Bxd4 12. Nf3 Bb6 13. Bg5 Kh8 14. Rad1 Qxa2 15. Ne5 Rf8 16. Qf3 Nd5 17. Nxf7+ Kg8 18. Qh5 1-0

[Event "Winnipeg TNT 2025.04"]
[Site "Winnipeg CAN"]
[Date "2025.04.22"]
[Round "3.8"]
[White "Zhang, Nicole"]
[Black "Kim, Sunyo"]
[Result "0-1"]
[WhiteElo "1769"]
[BlackElo "1692"]
[WhiteFideId "-1"]
[WhiteFideId "-1"]
[PlyCount "42"]
[GameId "2174969456861317"]
[EventDate "2025.04.08"]
[EventType "swiss"]
[EventRounds "4"]
[EventCountry "CAN"]

1. e4 e5 2. Nf3 Nc6 3. Bc4 Bc5 4. c3 Nf6 5. d4 exd4 6. cxd4 Bb4+ 7. Bd2 Nxe4 8. Bxb4 Nxb4 9. Bxf7+ Kxf7 10. Qb3+ d5 11. Ne5+ Ke8 12. Qxb4 a5 13. Qb3 Qg5 14. O-O c6 15. a4 Rf8 16. f3 Bh3 17. Qc2 Qe3+ 18. Kh1 Qxd4 19. f4 Bf5 20. Qe2 Rf6 21. Nc3 Ng3+ 0-1

[Event "Winnipeg TNT 2025.04"]
[Site "Winnipeg CAN"]
[Date "2025.04.22"]
[Round "3.10"]
[White "Zhang, Oscar"]
[Black "Harvey, Chris"]
[Result "0-1"]
[WhiteElo "1445"]
[BlackElo "1522"]
[WhiteFideId "-1"]
[WhiteFideId "-1"]
[PlyCount "66"]
[GameId "2174969456861319"]
[EventDate "2025.04.08"]
[EventType "swiss"]
[EventRounds "4"]
[EventCountry "CAN"]

1. d4 d5 2. Nf3 Nf6 3. Bf4 c6 4. e3 Bg4 5. h3 Bh5 6. c4 e6 7. Nc3 Nbd7 8. Bd3 Be7 9. O-O O-O 10. b3 Rc8 11. Qe2 c5 12. Rac1 Re8 13. Rfe1 Nf8 14. Rcd1 Ng6 15. Be5 Nh4 16. a4 Nxf3+ 17. gxf3 a6 18. Rd2 Nd7 19. Qd1 Nxe5 20. dxe5 Bh4 21. Be2 Qg5+ 22. Kh1 Bxf2 23. f4 Qg3 24. Bg4 Bxe1 25. Rg2 Bxg4 26. hxg4 Qh3+ 27. Rh2 Qxe3 28. Qc2 h6 29. cxd5 Qxc3 30. Qd1 Red8 31. d6 c4 32. d7 Rc7 33. Rc2 Qxb3 0-1

[Event "Winnipeg TNT 2025.04"]
[Site "Winnipeg CAN"]
[Date "2025.04.22"]
[Round "3.12"]
[White "Kowal, Ken"]
[Black "Gannon, Keith"]
[Result "1/2-1/2"]
[WhiteElo "1962"]
[BlackElo "1639"]
[WhiteFideId "-1"]
[WhiteFideId "-1"]
[PlyCount "118"]
[GameId "2174969456914569"]
[EventDate "2025.04.08"]
[EventType "swiss"]
[EventRounds "4"]
[EventCountry "CAN"]

1. Nf3 Nf6 2. c4 c5 3. Nc3 Nc6 4. d4 Nxd4 5. Nxd4 cxd4 6. Qxd4 e6 7. e4 d6 8. Be2 Be7 9. Be3 O-O 10. O-O-O e5 11. Qd2 Be6 12. f3 Qc7 13. b3 a6 14. Kb1 Rac8 15. Rc1 Rfe8 16. g4 Nd7 17. h4 Nb6 18. g5 f5 19. exf5 Bxf5+ 20. Bd3 Bxd3+ 21. Qxd3 Bf8 22. f4 exf4 23. Bxf4 Qd7 24. Qd4 Qf5+ 25. Ka1 Qc5 26. Rcd1 Qxd4 27. Rxd4 Rcd8 28. Rhd1 Nc8 29. c5 Re6 30. b4 b6 31. Ne4 bxc5 32. bxc5 Be7 33. Rb1 dxc5 34. Rxd8+ Bxd8 35. Nxc5 Rc6 36. Nd7 h6 37. Ne5 Rc2 38. Rb8 hxg5 39. hxg5 Ba5 40. Kb1 Rc5 41. Ng6 Rb5+ 42. Rxb5 axb5 43. Ne5 Bc7 44. Kc2 Ne7 45. Kd3 Nd5 46. Bg3 Nb4+ 47. Kd4 Nxa2 48. Kc5 b4 49. Kc4 Bd6 50. Bf4 Nc3 51. Nd3 Bxf4 52. Nxf4 Ne4 53. g6 b3 54. Kxb3 Ng5 55. Kc4 Kf8 56. Kd5 Ke7 57. Nh5 Ne6 58. Ke5 Nf8 59. Nxg7 Nxg6+ 1/2-1/2

[Event "Winnipeg TNT 2025.04"]
[Site "Winnipeg CAN"]
[Date "2025.04.29"]
[Round "4.1"]
[White "Bilugan, Mason"]
[Black "Rutter, Blair"]
[Result "1/2-1/2"]
[WhiteElo "1886"]
[BlackElo "1865"]
[WhiteFideId "-1"]
[WhiteFideId "-1"]
[PlyCount "44"]
[GameId "2174969456914570"]
[EventDate "2025.04.08"]
[EventType "swiss"]
[EventRounds "4"]
[EventCountry "CAN"]

1. e4 e6 2. d4 d5 3. Nd2 c5 4. exd5 exd5 5. Ngf3 Nf6 6. Bb5+ Bd7 7. Bxd7+ Nbxd7 8. O-O Be7 9. c4 O-O 10. cxd5 Nxd5 11. Re1 N7f6 12. dxc5 Bxc5 13. Nb3 Qb6 14. Nxc5 Qxc5 15. Bg5 Rad8 16. Qb3 Qb4 17. Bxf6 gxf6 18. Qxb4 Nxb4 19. Re7 Rb8 20. a3 Nd5 21. Rd7 Rfd8 22. Rxd8+ Rxd8 1/2-1/2

[Event "Winnipeg TNT 2025.04"]
[Site "Winnipeg CAN"]
[Date "2025.04.29"]
[Round "4.2"]
[White "Hui, Zelus"]
[Black "Babb, Jeff"]
[Result "0-1"]
[WhiteElo "1788"]
[BlackElo "2045"]
[WhiteFideId "-1"]
[WhiteFideId "-1"]
[PlyCount "134"]
[GameId "2174969456914571"]
[EventDate "2025.04.08"]
[EventType "swiss"]
[EventRounds "4"]
[EventCountry "CAN"]

1. c4 Nf6 2. g3 g6 3. Bg2 Bg7 4. Nc3 c5 5. e3 Nc6 6. Nge2 O-O 7. O-O d6 8. d4 Rb8 9. Bd2 cxd4 10. Nxd4 Nxd4 11. exd4 Bf5 12. Bf4 Nh5 13. Be3 Qd7 14. Nd5 Nf6 15. Nxf6+ Bxf6 16. Bh6 Rfc8 17. Rc1 Bh3 18. b3 Bxg2 19. Kxg2 b5 20. c5 Qb7+ 21. c6 Rxc6 22. Qf3 Rb6 23. Qxb7 R6xb7 24. d5 Bg7 25. Be3 h5 26. Rc6 b4 27. Bd2 Rb5 28. Rfc1 Rxd5 29. Rc8+ Rxc8 30. Rxc8+ Kh7 31. Bxb4 Bd4 32. Rc7 Re5 33. Kf3 Bb6 34. Rd7 Rf5+ 35. Ke4 Rxf2 36. Kd3 Rf3+ 37. Kc4 Re3 38. a4 Re5 39. Bc3 Rc5+ 40. Kd3 Rc7 41. Rxc7 Bxc7 42. Bd4 a6 43. b4 e5 44. Bf2 d5 45. b5 axb5 46. axb5 f5 47. b6 Bb8 48. Bc5 Kg8 49. Be7 Kf7 50. Bd8 Ke8 51. Bg5 Kd7 52. Ke3 Kc6 53. Bd8 Bd6 54. Kd3 Bc5 55. Bc7 e4+ 56. Ke2 Bxb6 57. Bf4 d4 58. h4 Kd5 59. Kd2 Kc4 60. Kc2 Ba5 61. Kd1 Kd3 62. g4 e3 63. Bg5 hxg4 64. h5 gxh5 65. Bh4 f4 66. Kc1 g3 67. Be7 e2 0-1

[Event "Winnipeg TNT 2025.04"]
[Site "Winnipeg CAN"]
[Date "2025.04.29"]
[Round "4.3"]
[White "Gres, Yakiv"]
[Black "Adeyemi, Adebowale"]
[Result "1-0"]
[WhiteElo "2001"]
[BlackElo "1791"]
[WhiteFideId "-1"]
[WhiteFideId "-1"]
[PlyCount "117"]
[GameId "2174969456914572"]
[EventDate "2025.04.08"]
[EventType "swiss"]
[EventRounds "4"]
[EventCountry "CAN"]

1. e4 b6 2. d4 Bb7 3. Nc3 Nf6 4. Bd3 g6 5. f4 Bg7 6. Nf3 e6 7. Qe2 Nc6 8. a3 Qe7 9. e5 Nd5 10. Nxd5 exd5 11. f5 Qf8 12. Bg5 h6 13. Bf6 g5 14. Qe3 Bxf6 15. exf6+ Kd8 16. O-O-O Qd6 17. Ne5 Qxf6 18. Rhe1 a5 19. c4 d6 20. cxd5 Nxe5 21. dxe5 dxe5 22. Bb5 Ke7 23. d6+ cxd6 24. Qxb6 Rhc8+ 25. Kb1 Bxg2 26. Rd2 Rab8 27. Qa7+ Rb7 28. Qa6 Bf3 29. Red1 Rbc7 30. Rxd6 Be4+ 31. Ka2 Qxf5 32. Bd7 Bb7 33. Bxf5 Bxa6 34. Rxa6 Rd8 35. Rxd8 Kxd8 36. Rxa5 f6 37. Ra8+ Ke7 38. Rh8 Rc4 39. Rh7+ Kf8 40. Rxh6 Kg7 41. Rh7+ Kf8 42. b4 Rf4 43. b5 Rxf5 44. b6 e4 45. a4 Rf2+ 46. Kb3 Rf1 47. b7 Rb1+ 48. Kc2 Rb4 49. b8=Q+ Rxb8 50. Rh8+ Ke7 51. Rxb8 f5 52. a5 f4 53. Rb4 e3 54. a6 Kf6 55. Kd3 Kf5 56. a7 Kg4 57. a8=Q Kh3 58. Qf3+ Kh4 59. h3 1-0

[Event "Winnipeg TNT 2025.04"]
[Site "Winnipeg CAN"]
[Date "2025.04.29"]
[Round "4.4"]
[White "Curtis, Rory"]
[Black "Zhou, Joe"]
[Result "0-1"]
[WhiteElo "1744"]
[BlackElo "1888"]
[WhiteFideId "-1"]
[WhiteFideId "-1"]
[PlyCount "96"]
[GameId "2174969456914573"]
[EventDate "2025.04.08"]
[EventType "swiss"]
[EventRounds "4"]
[EventCountry "CAN"]

1. d4 d5 2. c4 e6 3. cxd5 exd5 4. Nc3 c6 5. Nf3 Nf6 6. Bf4 Bd6 7. Bg5 h6 8. Bh4 Bf5 9. e3 Nbd7 10. Be2 Qb6 11. Qc1 O-O 12. O-O Rfe8 13. Na4 Qc7 14. Bxf6 Nxf6 15. h3 Rac8 16. a3 Qa5 17. Nc5 Bxc5 18. dxc5 Qc7 19. Nd4 Bh7 20. Qd1 Nd7 21. Bg4 Ra8 22. Bxd7 Qxd7 23. b4 Qe7 24. Qg4 a6 25. Rac1 Qe5 26. Rfe1 f5 27. Qf4 g5 28. Qxe5 Rxe5 29. Nf3 Re7 30. Rcd1 Kg7 31. Nd4 Rae8 32. Nf3 Bg6 33. Nd4 f4 34. Kf1 fxe3 35. f3 Kf6 36. a4 h5 37. g3 e2+ 38. Nxe2 Bc2 39. Ra1 Bd3 40. Ra2 Bc4 41. Rd2 Re3 42. Kf2 d4 43. f4 gxf4 44. gxf4 d3 45. Nc1 Rxe1 46. Nxd3 Bxd3 47. Rxd3 Kf5 48. Kf3 Rf1+ 0-1

[Event "Winnipeg TNT 2025.04"]
[Site "Winnipeg CAN"]
[Date "2025.04.29"]
[Round "4.5"]
[White "Kim, Sunyo"]
[Black "Klokow, John"]
[Result "1-0"]
[WhiteElo "1692"]
[BlackElo "1787"]
[WhiteFideId "-1"]
[WhiteFideId "-1"]
[PlyCount "73"]
[GameId "2174969456914574"]
[EventDate "2025.04.08"]
[EventType "swiss"]
[EventRounds "4"]
[EventCountry "CAN"]

1. e4 e5 2. Nf3 Nc6 3. Bc4 Nf6 4. d3 h6 5. O-O g5 6. h3 d6 7. Nc3 Na5 8. Nd5 Nxc4 9. Nxf6+ Qxf6 10. dxc4 g4 11. hxg4 Bxg4 12. Qd3 Bxf3 13. Qxf3 Qxf3 14. gxf3 Kd7 15. f4 Rg8+ 16. Kh2 exf4 17. f3 Bg7 18. Rb1 Be5 19. b3 Rg3 20. Bd2 Rag8 21. Rg1 R8g5 22. Rxg3 fxg3+ 23. Kg2 Rh5 24. Rh1 Rxh1 25. Kxh1 h5 26. Bg5 Ke6 27. Kg2 f5 28. exf5+ Kxf5 29. Bh4 a5 30. Bd8 d5 31. cxd5 Kf4 32. Bh4 Ke3 33. c4 Ke2 34. Bxg3 Bxg3 35. Kxg3 h4+ 36. Kxh4 Kxf3 37. c5 1-0

[Event "Winnipeg TNT 2025.04"]
[Site "Winnipeg CAN"]
[Date "2025.04.29"]
[Round "4.7"]
[White "Rosenstock, Samuel"]
[Black "Zhang, Nicole"]
[Result "0-1"]
[WhiteElo "1772"]
[BlackElo "1769"]
[WhiteFideId "-1"]
[WhiteFideId "-1"]
[PlyCount "46"]
[GameId "2174969456914576"]
[EventDate "2025.04.08"]
[EventType "swiss"]
[EventRounds "4"]
[EventCountry "CAN"]

1. e4 e5 2. Nf3 Nc6 3. Bb5 Nf6 4. O-O Nxe4 5. Re1 Nd6 6. Bxc6 dxc6 7. Rxe5+ Be7 8. Qe2 Bg4 9. c3 Bxf3 10. Qxf3 O-O 11. d4 Bf6 12. Rh5 Re8 13. Be3 Nc4 14. b3 Nxe3 15. fxe3 Qe7 16. Kf2 Bh4+ 17. Kf1 Bg5 18. Qf5 h6 19. Rh3 Bxe3 20. Qd3 Bxd4 21. Nd2 Bb6 22. Nf3 Rad8 23. Qf5 Qe2# 0-1

[Event "Winnipeg TNT 2025.04"]
[Site "Winnipeg CAN"]
[Date "2025.04.29"]
[Round "4.8"]
[White "Letain, Cory"]
[Black "Zhang, Ian"]
[Result "1-0"]
[WhiteElo "1733"]
[BlackElo "1674"]
[WhiteFideId "-1"]
[WhiteFideId "-1"]
[PlyCount "41"]
[GameId "2174969456914577"]
[EventDate "2025.04.08"]
[EventType "swiss"]
[EventRounds "4"]
[EventCountry "CAN"]

1. d4 d5 2. c4 e6 3. Nf3 Nf6 4. Nc3 c5 5. cxd5 exd5 6. Bg5 Nc6 7. dxc5 d4 8. Ne4 Bxc5 9. Nxf6+ gxf6 10. Bd2 Ne5 11. e3 Bg4 12. Bb5+ Kf8 13. exd4 Bxd4 14. Bh6+ Kg8 15. O-O Nxf3+ 16. gxf3 Bh3 17. Re1 Qb6 18. Qe2 Be6 19. f4 a6 20. f5 Qxb5 21. Qg4# 1-0

[Event "Winnipeg TNT 2025.04"]
[Site "Winnipeg CAN"]
[Date "2025.04.29"]
[Round "4.9"]
[White "Baylon, Jorel"]
[Black "Cobb, Kyle"]
[Result "1-0"]
[WhiteElo "1754"]
[BlackElo "1453"]
[WhiteFideId "-1"]
[WhiteFideId "-1"]
[PlyCount "120"]
[GameId "2174969456914578"]
[EventDate "2025.04.08"]
[EventType "swiss"]
[EventRounds "4"]
[EventCountry "CAN"]

1. d4 Nf6 2. g3 d5 3. c4 c6 4. Nf3 dxc4 5. Bg2 Bf5 6. O-O e6 7. Ne5 Be7 8. Nc3 Nbd7 9. Nxc4 O-O 10. a4 Bb4 11. Bg5 h6 12. Bf4 Nh5 13. Bd6 Bxd6 14. Nxd6 Qc7 15. Nxf5 exf5 16. Rc1 Rad8 17. Nd5 Qd6 18. Nc3 f4 19. e4 Qg6 20. Bf3 Nxg3 21. fxg3 fxg3 22. hxg3 Qxg3+ 23. Bg2 Ne5 24. Qe1 Qxe1 25. Rcxe1 Rxd4 26. Rd1 Rfd8 27. Bh3 g5 28. Bf5 Kg7 29. b3 h5 30. Rxd4 Rxd4 31. Ne2 Rd3 32. Nc1 Rg3+ 33. Kf2 h4 34. Rg1 Rf3+ 35. Ke2 Kh6 36. Rf1 Rg3 37. Bc8 b6 38. Rf5 h3 39. Kf2 Rg2+ 40. Kf1 Rg3 41. Ne2 Rf3+ 42. Rxf3 Nxf3 43. Kf2 Nd2 44. Bxh3 Nxe4+ 45. Ke3 Nf6 46. Kd4 g4 47. Bg2 c5+ 48. Ke5 Kg6 49. Nf4+ Kg5 50. Nd5 Nxd5 51. Bxd5 f5 52. Be6 f4 53. Ke4 g3 54. Kf3 a6 55. Bc8 b5 56. Bxa6 bxa4 57. bxa4 Kh4 58. Bf1 c4 59. Bxc4 Kh3 60. Bf1+ Kh2 1-0